Vývoj obchodného a hospodárskeho práva po roku 1948

Občiansky zákonník z roku 1950. Zánik obchodného práva. Záväzkové vzťahy. Zákon č. 99/1950 Zb. o hospodárskych zmluvách a štátnej arbitráži. Vládne nariadenie č. 33/1955 Zb. o hospodárskych zmluvách. Základné podmienky dodávok. Zmluva a plán. Kontraktačná povinnosť. Hospodárske právo ako súbor právn...

Descrizione completa

Salvato in:
Dettagli Bibliografici
Autore principale: Holub, Dušan
Natura: Capitolo di libro
Lingua:slovacco
Soggetti:
Tags: Aggiungi Tag
Nessun Tag, puoi essere il primo ad aggiungerne!!

MARC

LEADER 00000naa$a2200000$$$4500
001 0093878
005 20250813103448.0
041 0 |a slo 
044 |a SK 
245 1 0 |a Vývoj obchodného a hospodárskeho práva po roku 1948  |c Dušan Holub 
520 |a Občiansky zákonník z roku 1950. Zánik obchodného práva. Záväzkové vzťahy. Zákon č. 99/1950 Zb. o hospodárskych zmluvách a štátnej arbitráži. Vládne nariadenie č. 33/1955 Zb. o hospodárskych zmluvách. Základné podmienky dodávok. Zmluva a plán. Kontraktačná povinnosť. Hospodárske právo ako súbor právnych noriem upravujúcich špecifické spoločenské vzťahy. Právna teória a samostatnosť hospodárskeho práva. 
610 2 0 |a právo obchodné 
610 2 0 |a právo hospodárske 
610 2 0 |a zákonník hospodársky 
610 2 0 |a zákonník občiansky 
610 2 0 |a legislatíva 
610 2 0 |a zmluvy hospodárske 
610 2 0 |a arbitráž 
610 2 0 |a vývoj 
610 2 0 |a história 
610 2 0 |a Slovensko 
100 1 |a Holub, Dušan